[Event "GBR-ch107 U8"]
[Site "Milton Keynes"]
[Date "2021.10.03"]
[Round "6.9"]
[White "Ong, Timothy"]
[Black "Kumar, Sachin"]
[Result "0-1"]
[WhiteElo "1038"]
[BlackElo "1106"]
[PlyCount "136"]
[EventDate "2021.10.02"]
[EventType "swiss"]
[EventRounds "7"]
[EventCountry "GBR"]
[SourceTitle "BritBase"]
[Source "John Saunders"]
[SourceDate "2021.06.05"]
[SourceVersion "1"]
[SourceVersionDate "2021.06.05"]
[SourceQuality "1"]

1. e4 e5 2. Nf3 Nc6 3. Bc4 Bc5 4. c3 Nf6 5. d4 exd4 6. cxd4 Bb4+ 7. Nc3 Nxe4 8.
O-O Bxc3 9. bxc3 d5 10. Bd3 O-O 11. Qc2 Re8 12. Bf4 Bf5 13. Rfe1 Qf6 14. Nd2
Qg6 15. f3 Nxd2 16. Rxe8+ Rxe8 17. Qxd2 Bxd3 18. Re1 Rxe1+ 19. Qxe1 f6 20. Qe6+
Qf7 21. Qc8+ Qf8 22. Qe6+ Kh8 23. Qxd5 Qe8 24. Bg3 Qe2 25. h3 Qd1+ 26. Kh2 h6
27. Bxc7 Qd2 28. f4 Qxc3 29. Qc5 Qxd4 30. Qxd4 Nxd4 31. Bb8 a6 32. Ba7 Nb5 33.
Bb8 Kh7 34. Kg3 Kg6 35. Kf3 f5 36. Be5 Na3 37. Bb2 Nc4 38. Bc3 b5 39. Bb4 Kh5
40. g3 g5 41. fxg5 hxg5 42. g4+ fxg4+ 43. hxg4+ Kh4 44. Bc3 Bc2 45. Bb4 Bd1+
46. Kg2 Kxg4 47. Be7 Bc2 48. Kf2 Bb1 49. a3 Kf4 50. Kg2 Ne3+ 51. Kf2 g4 52.
Bd6+ Ke4 53. Kg3 Nc4 54. Kxg4 Nxd6 55. Kg3 Nc4 56. Kf2 Nxa3 57. Kg3 b4 58. Kg4
b3 59. Kg5 b2 60. Kg6 Ke5+ 61. Kf7 Bg6+ 62. Kxg6 b1=Q+ 63. Kf7 Qf5+ 64. Ke7 Qg6
65. Kf8 Qh7 66. Ke8 Qg7 67. Kd8 Kd6 68. Kc8 Qc7# 0-1

[Event "GBR-ch107 U8"]
[Site "Milton Keynes"]
[Date "2021.10.03"]
[Round "7.1"]
[White "Lishoy Gengis Paratazham, Dildarav"]
[Black "Zhao, George"]
[Result "1-0"]
[WhiteElo "1272"]
[BlackElo "1315"]
[PlyCount "53"]
[EventDate "2021.10.02"]
[EventType "swiss"]
[EventRounds "7"]
[EventCountry "GBR"]
[SourceTitle "BritBase"]
[Source "John Saunders"]
[SourceDate "2021.06.05"]
[SourceVersion "1"]
[SourceVersionDate "2021.06.05"]
[SourceQuality "1"]

1. d4 e6 2. c4 Nf6 3. Nc3 d5 4. Nf3 c5 5. Bg5 Nc6 6. e3 Be7 7. Bd3 Qb6 8. Qd2
cxd4 9. exd4 Nxd4 10. Nxd4 Qxd4 11. cxd5 Qe5+ 12. Be3 Nxd5 13. Nxd5 Qxd5 14.
Be2 Qxg2 15. Bb5+ Kf8 16. O-O-O f6 17. Bc5 Qd5 18. Bxe7+ Kxe7 19. Qb4+ Kf7 20.
Rxd5 exd5 21. Re1 Rg8 22. Qe7+ Kg6 23. Be8+ Kh6 24. Qe3+ g5 25. h4 Bg4 26.
hxg5+ Rxg5 27. Rh1+ 1-0

[Event "GBR-ch107 U8"]
[Site "Milton Keynes"]
[Date "2021.10.03"]
[Round "7.2"]
[White "Jakhria, Kushal"]
[Black "Verbytski, Oleg"]
[Result "1/2-1/2"]
[WhiteElo "1069"]
[BlackElo "1368"]
[PlyCount "43"]
[EventDate "2021.10.02"]
[EventType "swiss"]
[EventRounds "7"]
[EventCountry "GBR"]
[SourceTitle "BritBase"]
[Source "John Saunders"]
[SourceDate "2021.06.05"]
[SourceVersion "1"]
[SourceVersionDate "2021.06.05"]
[SourceQuality "1"]

1. d4 Nf6 2. c4 g6 3. Nc3 Bg7 4. e4 d6 5. Nf3 O-O 6. Be2 Nbd7 7. Be3 c5 8. O-O
cxd4 9. Nxd4 Nc5 10. Qc2 a5 11. Rad1 b6 12. a3 Bb7 13. f3 Rc8 14. b4 axb4 15.
axb4 Ncd7 16. Qb3 Ra8 17. Ra1 Ba6 18. Ra2 Qc7 19. Rfa1 Bb7 20. Rxa8 Rxa8 21.
Rxa8+ Bxa8 22. Qa4 1/2-1/2

[Event "GBR-ch107 U8"]
[Site "Milton Keynes"]
[Date "2021.10.03"]
[Round "7.3"]
[White "Sivanandan, Bodhana"]
[Black "Veselow, Zoe"]
[Result "0-1"]
[WhiteElo "1345"]
[BlackElo "1338"]
[PlyCount "130"]
[EventDate "2021.10.02"]
[EventType "swiss"]
[EventRounds "7"]
[EventCountry "GBR"]
[SourceTitle "BritBase"]
[Source "John Saunders"]
[SourceDate "2021.06.05"]
[SourceVersion "1"]
[SourceVersionDate "2021.06.05"]
[SourceQuality "1"]

1. e4 e5 2. Nf3 Nc6 3. Nc3 Nf6 4. d4 exd4 5. Nxd4 Bc5 6. Be3 Bxd4 7. Bxd4 O-O
8. Bc4 Re8 9. Bxf6 Qxf6 10. O-O Ne5 11. Bb3 d6 12. f4 Nc6 13. Qd2 Bg4 14. Rae1
Rad8 15. h3 Be6 16. Qf2 Ne7 17. Qg3 Qd4+ 18. Kh1 c6 19. e5 dxe5 20. fxe5 Ng6
21. Re4 Qc5 22. Bxe6 Rxe6 23. Rfe1 Rd2 24. R4e2 Rxe2 25. Rxe2 Rxe5 26. Rxe5
Qxe5 27. Qf2 b6 28. Qd2 Qe7 29. Ne2 c5 30. Ng3 Qc7 31. Nf5 Ne7 32. Ne3 g6 33.
Nc4 Nf5 34. a4 Ng3+ 35. Kg1 Qe7 36. b3 Ne2+ 37. Kf2 Nd4 38. Qd1 Qh4+ 39. Kg1
Qe4 40. Na3 Qe3+ 41. Kh1 Nf5 42. Nc4 Qe7 43. a5 bxa5 44. Nxa5 Ng3+ 45. Kg1 Qe3+
46. Kh2 Kg7 47. Nc6 a6 48. Qa1+ Kh6 49. Qxa6 Ne2 50. Qxe2 Qxe2 51. c4 Qd2 52.
Kh1 Qd1+ 53. Kh2 Qd6+ 54. Kg1 Qxc6 55. Kf2 Qb6 56. Kg3 Qxb3+ 57. Kf2 Qxc4 58.
g4 Qf4+ 59. Ke2 c4 60. Kd1 c3 61. Kc2 Qd2+ 62. Kb3 c2 63. Kb2 c1=Q+ 64. Kb3
Qdb2+ 65. Ka4 Qca1# 0-1

[Event "GBR-ch107 U8"]
[Site "Milton Keynes"]
[Date "2021.10.03"]
[Round "7.4"]
[White "Pitel, Benedikt"]
[Black "Deepak Ambattu, Rithvik"]
[Result "0-1"]
[WhiteElo "963"]
[BlackElo "1285"]
[PlyCount "138"]
[EventDate "2021.10.02"]
[EventType "swiss"]
[EventRounds "7"]
[EventCountry "GBR"]
[SourceTitle "BritBase"]
[Source "John Saunders"]
[SourceDate "2021.06.05"]
[SourceVersion "1"]
[SourceVersionDate "2021.06.05"]
[SourceQuality "1"]

1. c4 e5 2. Nc3 Nf6 3. e4 Nc6 4. d3 Bc5 5. g3 O-O 6. Bg2 d6 7. Nge2 Ng4 8. O-O
f5 9. h3 f4 10. hxg4 f3 11. Bxf3 Rxf3 12. g5 Bh3 13. Na4 Bxf1 14. Nxc5 dxc5 15.
Qxf1 Rxd3 16. Nc3 Qd4 17. Be3 Qxc4 18. Rc1 Qa6 19. Bxc5 Rd7 20. Qxa6 bxa6 21.
Nd5 Nd4 22. Bxd4 exd4 23. Nxc7 Rc8 24. Kg2 Rcxc7 25. Rd1 Rc2 26. Rd3 Rxb2 27.
Kf1 Rxa2 28. f4 a5 29. e5 Rc7 30. Rd1 d3 31. e6 Rh2 32. Kg1 Rhc2 33. Rxd3 Rc1+
34. Kg2 g6 35. Re3 Re7 36. g4 Rc6 37. f5 a4 38. Ra3 Rc4 39. Kf3 Rb4 40. Ra2 a5
41. Re2 Rb6 42. Ra2 Rc7 43. Rxa4 Rc3+ 44. Ke2 Rb2+ 45. Kd1 Rh3 46. Re4 Rh1+ 47.
Re1 Rb1+ 48. Kd2 Rbxe1 49. Kd3 a4 50. Kc4 Rh3 51. Kd5 a3 52. Kd6 Rxe6+ 53. fxe6
Re3 54. e7 a2 55. Kd7 Rxe7+ 56. Kxe7 a1=Q 57. Kd6 Kf7 58. Kd5 Qd1+ 59. Ke5 Qxg4
60. Kd5 Qxg5+ 61. Ke4 h5 62. Kd4 Ke6 63. Ke4 Qg4+ 64. Ke3 Ke5 65. Kd3 Qd4+ 66.
Ke2 Kf4 67. Ke1 Qb2 68. Kd1 Ke3 69. Ke1 Qc1# 0-1

[Event "GBR-ch107 U8"]
[Site "Milton Keynes"]
[Date "2021.10.03"]
[Round "7.5"]
[White "Chen, George"]
[Black "Pradhan, Ayan"]
[Result "1-0"]
[WhiteElo "1113"]
[BlackElo "500"]
[PlyCount "125"]
[EventDate "2021.10.02"]
[EventType "swiss"]
[EventRounds "7"]
[EventCountry "GBR"]
[SourceTitle "BritBase"]
[Source "John Saunders"]
[SourceDate "2021.06.05"]
[SourceVersion "1"]
[SourceVersionDate "2021.06.05"]
[SourceQuality "1"]

1. e4 e6 2. d4 d5 3. exd5 exd5 4. Nf3 Bd6 5. Bd3 Ne7 6. O-O Bg4 7. c3 Qd7 8.
Nbd2 O-O 9. Qc2 Bf5 10. Re1 Bxd3 11. Qxd3 c6 12. Qc2 Na6 13. Ne5 Bxe5 14. Rxe5
Rfe8 15. Nf3 Ng6 16. Re2 Re7 17. Be3 Rae8 18. Rae1 b5 19. b4 h6 20. h3 Nc7 21.
a4 a6 22. a5 Ne6 23. Bc1 Nef8 24. Re3 Nh7 25. R1e2 Nf6 26. Rxe7 Rxe7 27. Re3
Ne4 28. Nd2 Nxd2 29. Bxd2 Rxe3 30. Bxe3 Qe6 31. Qd2 Nh4 32. Bf4 Qe4 33. f3 Qg6
34. Qe2 Kh7 35. Kh2 f6 36. Bg3 Nf5 37. Bf2 h5 38. Qe6 Nh6 39. Qxc6 Nf5 40. Qxd5
h4 41. Qe4 Kg8 42. Qg4 Qh7 43. Qe4 Qg6 44. Qa8+ Kh7 45. Qxa6 Ng3 46. Qxb5 f5
47. Qd3 Qg5 48. Be3 Qg6 49. a6 Qe6 50. a7 Qa2 51. Bf4 Qf2 52. a8=Q Qe1 53.
Qxf5+ Nxf5 54. Qe4 Qf2 55. Qxf5+ Kg8 56. b5 Kh8 57. b6 Qb2 58. Qc8+ Kh7 59. b7
Qe2 60. Qf5+ g6 61. Qf7+ Kh8 62. b8=R+ Qe8 63. Rxe8# 1-0

[Event "GBR-ch107 U8"]
[Site "Milton Keynes"]
[Date "2021.10.03"]
[Round "7.6"]
[White "Kumar, Sachin"]
[Black "Gao, Alex"]
[Result "0-1"]
[WhiteElo "1106"]
[BlackElo "1015"]
[PlyCount "46"]
[EventDate "2021.10.02"]
[EventType "swiss"]
[EventRounds "7"]
[EventCountry "GBR"]
[SourceTitle "BritBase"]
[Source "John Saunders"]
[SourceDate "2021.06.05"]
[SourceVersion "1"]
[SourceVersionDate "2021.06.05"]
[SourceQuality "1"]

1. e4 e5 2. Nf3 Nc6 3. Bc4 Nf6 4. Ng5 d5 5. exd5 Na5 6. Bb5+ c6 7. dxc6 bxc6 8.
Ba4 h6 9. Nf3 e4 10. Nd4 Qxd4 11. Nc3 Bg4 12. f3 exf3 13. gxf3 Be6 14. b3 Qh4+
15. Ke2 Bc5 16. Qf1 O-O 17. Bb2 Rfe8 18. h3 Bxh3+ 19. Kd1 Bf2 20. Qxh3 Qxh3 21.
d3 Qxh1+ 22. Kd2 Be1+ 23. Rxe1 Qxe1# 0-1

[Event "GBR-ch107 U8"]
[Site "Milton Keynes"]
[Date "2021.10.03"]
[Round "7.7"]
[White "Maitret, Victor"]
[Black "Keerthi Kumar, Advait"]
[Result "0-1"]
[WhiteElo "1082"]
[BlackElo "1492"]
[PlyCount "58"]
[EventDate "2021.10.02"]
[EventType "swiss"]
[EventRounds "7"]
[EventCountry "GBR"]
[SourceTitle "BritBase"]
[Source "John Saunders"]
[SourceDate "2021.06.05"]
[SourceVersion "1"]
[SourceVersionDate "2021.06.05"]
[SourceQuality "1"]

1. d4 e6 2. e4 d5 3. e5 c5 4. Be3 cxd4 5. Qxd4 Nc6 6. Qd1 Nge7 7. Nf3 Nf5 8.
Bf4 Bc5 9. h3 O-O 10. Be2 Nfd4 11. Nxd4 Bxd4 12. c3 Bb6 13. O-O Qh4 14. Bg3
Qxg3 15. Re1 Bxf2+ 16. Kh1 Bxe1 17. Nd2 Bxd2 18. Qxd2 Nxe5 19. Rf1 Ng6 20. Bd3
Nh4 21. Re1 e5 22. Re3 Qg5 23. g3 Nf5 24. Re2 Nxg3+ 25. Kh2 Nf1+ 26. Kh1 Nxd2
27. Rg2 Qe3 28. Bc2 Bxh3 29. Rh2 Qe1# 0-1

[Event "GBR-ch107 U8"]
[Site "Milton Keynes"]
[Date "2021.10.03"]
[Round "7.8"]
[White "Litvin, Theo"]
[Black "Han, Qixiang"]
[Result "0-1"]
[WhiteElo "760"]
[BlackElo "888"]
[PlyCount "124"]
[EventDate "2021.10.02"]
[EventType "swiss"]
[EventRounds "7"]
[EventCountry "GBR"]
[SourceTitle "BritBase"]
[Source "John Saunders"]
[SourceDate "2021.06.05"]
[SourceVersion "1"]
[SourceVersionDate "2021.06.05"]
[SourceQuality "1"]

1. e4 c5 2. Nf3 d6 3. d4 cxd4 4. Nxd4 Nf6 5. Nc3 a6 6. Bc4 e6 7. O-O Be7 8. Bg5
O-O 9. Re1 h6 10. Bh4 Nxe4 11. Bxe7 Nxc3 12. bxc3 Qxe7 13. Nf5 Qd8 14. Nxd6 Nc6
15. Nxc8 Rxc8 16. Qg4 Na5 17. Bd3 Rxc3 18. Rad1 Qe7 19. Re3 Rc5 20. Rg3 Rg5 21.
Qd4 Rxg3 22. hxg3 Nc6 23. Qe4 f5 24. Qe2 e5 25. Bxa6 bxa6 26. Qc4+ Qf7 27. Qxc6
Qxa2 28. Rd2 Qb1+ 29. Kh2 Qf1 30. Qe6+ Kh8 31. Qxe5 Qc1 32. Qc5 Re8 33. Rd7 Qg5
34. Qc3 Rb8 35. Qe1 f4 36. gxf4 Qxf4+ 37. g3 Qf5 38. Qe7 Qh5+ 39. Kg2 Qg6 40.
c4 Rb1 41. Rc7 a5 42. c5 a4 43. c6 a3 44. Qd8+ Kh7 45. Rxg7+ Qxg7 46. Qd3+ Qg6
47. Qd7+ Kh8 48. Qd8+ Kg7 49. Qe7+ Qf7 50. Qe5+ Qf6 51. Qc7+ Kg6 52. Qd7 a2 53.
Qg4+ Qg5 54. Qe6+ Qf6 55. Qg4+ Kf7 56. Qd7+ Qe7 57. Qf5+ Ke8 58. Qc8+ Qd8 59.
Qe6+ Kf8 60. Qf5+ Kg7 61. Qd7+ Qxd7 62. cxd7 Rd1 0-1

[Event "GBR-ch107 U8"]
[Site "Milton Keynes"]
[Date "2021.10.03"]
[Round "7.9"]
[White "Kruger, Derik"]
[Black "Ong, Timothy"]
[Result "1-0"]
[WhiteElo "600"]
[BlackElo "1038"]
[PlyCount "55"]
[EventDate "2021.10.02"]
[EventType "swiss"]
[EventRounds "7"]
[EventCountry "GBR"]
[SourceTitle "BritBase"]
[Source "John Saunders"]
[SourceDate "2021.06.05"]
[SourceVersion "1"]
[SourceVersionDate "2021.06.05"]
[SourceQuality "1"]

1. e4 e5 2. Nf3 Nc6 3. Bc4 Nf6 4. Ng5 d5 5. exd5 Nxd5 6. d3 Bc5 7. O-O h6 8.
Ne4 O-O 9. Nxc5 Qd6 10. Ne4 Qd7 11. b3 Nb6 12. Ba3 Re8 13. Nc5 Qd8 14. Nc3 Bf5
15. Qf3 Bg6 16. Nxb7 Qc8 17. Qxc6 Rb8 18. Qxg6 Qxb7 19. Bxf7+ Kh8 20. Bxe8 Qc8
21. Bf8 Qd7 22. Bxd7 Rxf8 23. Bf5 Kg8 24. Rae1 a6 25. Rxe5 a5 26. Re7 Rf7 27.
Qxf7+ Kh8 28. Qxg7# 1-0